000 00541nam a2200181 i 4500
001 146881
003 ES-MaACL
005 20250905123717.0
007 t|
008 070919s1930 sp ||||1| spa d
100 1 _aTrotsky, Leon,
_d1879-1940
_9240350
245 1 0 _aMi vida
_b: ensayo autobiográfico /
_cLeon Trotsky ; traducción de W. Roces.
260 _aMadrid :
_bArgis,
_c1930.
300 _a612 p. ;
_c25 cm.
700 1 _aRoces, Wenceslao,
_d1897-1992
_998039
852 _aES-MaACL
_jB-5438
999 _c146881
_d146881